| 000 | 01539nam a2200373Ia 4500 | ||
|---|---|---|---|
| 001 | ebr10449840 | ||
| 003 | CaPaEBR | ||
| 006 | m u | ||
| 007 | cr cn||||||||| | ||
| 008 | 051207s2006 nyua sb 001 0 eng d | ||
| 010 | _z 2005056030 | ||
| 020 | _z0231137486 (cloth : alk. paper) | ||
| 020 | _z9780231137485 (cloth : alk. paper) | ||
| 020 | _z0231510659 (electronic) | ||
| 020 | _z9780231510653 (electronic) | ||
| 040 |
_aCaPaEBR _cCaPaEBR |
||
| 035 | _a(OCoLC)137922248 | ||
| 050 | 1 | 4 |
_aBL1055 _b.S63 2006eb |
| 082 | 0 | 4 |
_a133.4/260954 _222 |
| 100 | 1 | _aSmith, Frederick M. | |
| 245 | 1 | 4 |
_aThe self possessed _h[electronic resource] : _bdeity and spirit possession in South Asian literature and civilization / _cFrederick M. Smith. |
| 260 |
_aNew York : _bColumbia University Press, _cc2006. |
||
| 300 |
_axxvii, 701 p. : _bill. |
||
| 504 | _aIncludes bibliographical references (p. [607]-664) and index. | ||
| 533 |
_aElectronic reproduction. _bPalo Alto, Calif. : _cebrary, _d2011. _nAvailable via World Wide Web. _nAccess may be limited to ebrary affiliated libraries. |
||
| 650 | 0 |
_aSpirit possession _zSouth Asia. |
|
| 650 | 0 | _aSpirit possession in literature. | |
| 650 | 0 |
_aSanskrit literature _xHistory and criticism. |
|
| 650 | 0 |
_aTantrism _zSouth Asia. |
|
| 650 | 0 |
_aSpirit possession _xHinduism. |
|
| 655 | 7 |
_aElectronic books. _2local |
|
| 710 | 2 | _aebrary, Inc. | |
| 856 | 4 | 0 |
_uhttp://site.ebrary.com/lib/rucke/Doc?id=10449840 _zAn electronic book accessible through the World Wide Web; click to view |
| 999 |
_c248675 _d248675 |
||